000 00865nam a2200253 4500
001 123841
003 ES-MaACL
005 20250810063035.0
007 t|
008 070214s1977 sp r ||||1| spa d
100 1 _aRamírez, Luis,
_d1933-1993
_9171704
245 1 0 _aNuestros primeros veinticinco años /
_cLuis Ramírez.
260 _aParis :
_bRuedo Ibérico,
_c1977.
300 _a293 p. ;
_c18 cm.
490 1 _aTestimonios ;
_v1
594 _aLuis Ramírez es seudónimo de Luciano Rincón.
650 4 _aRepresión política-
_zEspaña-
_y1939-1975.
_9145752
651 4 _aEspaña-
_xHistoria-
_y1939-1975, Dictadura.
_9167928
651 4 _aEspaña-
_xSituación social-
_y1939-1975.
_9163951
710 2 _aÉditions Ruedo ibérico.
_9145333
830 1 _aTestimonios ;
_v1
_9179776
852 _aES-MaACL
_jL-2933
999 _c123841
_d123841